00622nam a2200193 a 4500001001000000003000500010005001700015008004100032010001100073011001100084040000900095082001500104245013100119260008200250300001200332650002000344650002300364700004100387000110871CHAP20220329144149.0141014s1997 mx b |r |||||||spa d a107333 a108305 cCHAP04a631.5bR3800aRelación de viajes de estudio, realizados por alumnos del D.I.A. de 1981-1997 /ccompilado por Celia Rodríguez Betancourt. aChapingo, Méx. :bUACH. Departamento de Ingeniería Agroindustrial,c1997. a[45] h.14aBibliografía.14aViajes de estudio.0 aRodríguez Betancourt, Celiaecomp.